000 00859nam a22002417a 4500
999 _c1103
_d1103
003 AR-CdUCM
008 190226b ||||| |||| 00| 0 spa d
040 _aMUNICIPALIDAD PROVINCIAL DEL CUSCO
_cBIBLIOTECA MUNICIPAL DEL CUSCO
082 _a869.53 /
_bC95
110 _aFederación de Empleados Bancarios en el Perú
_93724
245 _aIII Juegos Florales Bancarios /
_cFederación de Empleados Bancarios en el Perú
260 _aLima :
_bVladimiro del Prado,
_c1988.
300 _a51 paginas ;
_c24cm.
500 _aAuspicia : Consejo Nacional de Ciencia y Tecnología CONCYTEC
505 _aCuento -- Poesia -- Pintura
650 _aCuentos Florales
_93725
650 _aLiteratura
_983
650 _aPerú
_935
650 _aLa esperanza
_94298
700 _aCisneros Castillo, Marcelino
_94299
942 _2ddc
_cLIBROS
945 _apjha
_d2019-02-26